000 00345nam a2200145Ia 4500
008 150201s2007 xx 000 0 und d
082 _a610
_bP07M
100 _aMUNJAL, YP
245 _aPOSTGRADUATE MEDICINE
250 _a1ST
260 _bJAYPEE BROTHERS
_aDELHI
_c2007
300 _a1-490
650 _aMEDICINE AND DIAGNOSIS
942 _2ddc
_cBK
999 _c202
_d202